| 000 | 00740nam a22001937a 4500 | ||
|---|---|---|---|
| 999 |
_c7442 _d7442 |
||
| 003 | AR-CdUCM | ||
| 008 | 190320b ||||| |||| 00| 0 spa d | ||
| 040 |
_aMUNICIPALIDAD PROVINCIAL DEL CUSCO _cBIBLIOTECA MUNICIPAL DEL CUSCO |
||
| 082 |
_22ed _a918.5 / _bT22 |
||
| 100 |
_aTarazona S, Justino _920988 |
||
| 245 |
_aDemarcación política del Perú : _brecopilación de leyes y decretos (1821-1967) / |
||
| 260 |
_aLima : _bImprenta de hacienda y comercio, _c1968. |
||
| 300 |
_a906 páginas ; _c25 cm. |
||
| 505 | _aEl libertador Ramon Castilla -- Mariano Ignacio Prado -- Ramiro Priale -- Presidente de la República... | ||
| 650 |
_aHistoria del Peru. _9259 |
||
| 650 |
_aPolítica peruana. _91676 |
||
| 942 |
_2ddc _cLIBROS |
||
| 945 | _awfj | ||